Briefing paper series: emerging trends in the negotiations under WTO: pertinent issues of concern to African Countries: trade related investments measures (TRIMS): The rules and their potential impact on African Economic (Record no. 83562)

MARC details
000 -LEADER
fixed length control field 00872nam a22002057a 4500
003 - CONTROL NUMBER IDENTIFIER
control field CBULib
005 - DATE AND TIME OF LATEST TRANSACTION
control field 20240528130505.0
008 - FIXED-LENGTH DATA ELEMENTS--GENERAL INFORMATION
fixed length control field 231123b |||||||| |||| 00| 0 eng d
040 ## - CATALOGING SOURCE
Original cataloging agency CBULib
Language of cataloging English
Transcribing agency CBULib
Modifying agency CBULib
Description conventions rda
041 ## - LANGUAGE CODE
Language code of text/sound track or separate title eng
050 ## - LIBRARY OF CONGRESS CALL NUMBER
Classification number UNECA(08)BPS/2000/7A
110 ## - MAIN ENTRY--CORPORATE NAME
Corporate name or jurisdiction name as entry element United Nations Economic Commissions for Africa (UNECA)
9 (RLIN) 631
245 ## - TITLE STATEMENT
Title Briefing paper series: emerging trends in the negotiations under WTO: pertinent issues of concern to African Countries: trade related investments measures (TRIMS): The rules and their potential impact on African Economic
Statement of responsibility, etc / by United Nations Economic Commission for Africa (UNECA)
260 ## - PUBLICATION, DISTRIBUTION, ETC. (IMPRINT)
Place of publication, distribution, etc Addis Ababa :
Name of publisher, distributor, etc United Nations,
Date of publication, distribution, etc 2000
300 ## - PHYSICAL DESCRIPTION
Extent iii, 51 pages.
336 ## - CONTENT TYPE
Source rdacontent
Content type term Text |
Content type code txt
337 ## - MEDIA TYPE
Source rdamedia
Media type term Unmediated |
Media type code n
338 ## - CARRIER TYPE
Source rdacarrier
Carrier type term Volume
Carrier type code nc
942 ## - ADDED ENTRY ELEMENTS (KOHA)
Source of classification or shelving scheme
Koha item type INTERNATIONAL PUBLICATIONS
Holdings
Withdrawn status Lost status Source of classification or shelving scheme Damaged status Not for loan Collection code Permanent Location Current Location Shelving location Date acquired Source of acquisition Full call number Barcode Date last seen Copy number Price effective from Koha item type Public note
          Special Collections CBU-MAIN LIBRARY, KITWE. CBU-MAIN LIBRARY, KITWE. Special Collections 11/23/2023 DEP-UNECA UNECA(08)2000/7A B45886 11/23/2023 1 11/23/2023 INTERNATIONAL PUBLICATIONS  
          Special Collections CBU-MAIN LIBRARY, KITWE. CBU-MAIN LIBRARY, KITWE. Special Collections 11/23/2023 DEP-UNECA UN-ECA(08)BPS/2000/7B 45884 11/23/2023 2 11/23/2023 INTERNATIONAL PUBLICATIONS IN